All Countries by Olympic medals - Statistics

General Stats
  • This quiz has been taken 88 times
  • The average score is 36 of 134
Answers on the Map
Answers color-coded by a green-red scale on the quiz's map according to % correct below.
 
Answer Stats
No. Part. Gold Silver Bronze Total Country % Correct
51 1175 954 834 2963 United States
95%
52 296 320 332 948 Great Britain
85%
52 258 289 327 874 France
82%
29 293 293 306 892 Germany
82%
51 257 224 261 742 Italy
79%
22 275 227 194 696 China
74%
51 205 222 234 661 Sweden
67%
46 169 178 215 562 Australia
64%
44 183 172 200 555 Japan
64%
50 144 172 209 525 Canada
62%
12 196 164 187 547 Russia
62%
36 127 116 114 357 South Korea
62%
49 192 176 160 528 Norway
59%
21 85 71 85 241 Cuba
56%
49 144 148 180 472 Finland
56%
48 140 148 163 451 Netherlands
56%
51 109 124 125 358 Switzerland
56%
51 83 115 128 326 Austria
54%
50 182 156 180 518 Hungary
54%
26 26 36 25 87 Jamaica
54%
19 35 42 36 113 Kenya
54%
40 53 34 53 140 New Zealand
54%
45 79 96 145 320 Poland
54%
47 44 56 61 161 Belgium
51%
31 37 42 71 150 Brazil
51%
16 23 12 23 58 Ethiopia
51%
43 90 97 122 309 Romania
51%
27 27 33 29 89 South Africa
51%
44 49 72 50 171 Spain
51%
33 13 24 36 73 Mexico
49%
41 55 90 85 230 Bulgaria
46%
14 28 32 38 98 Czech Republic
46%
42 48 79 79 206 Denmark
46%
48 35 45 41 121 Greece
46%
14 38 37 72 147 Ukraine
46%
44 21 26 30 77 Argentina
44%
14 21 35 47 103 Belarus
38%
16 18 19 15 52 Croatia
38%
14 16 24 40 80 Kazakhstan
38%
40 41 26 37 104 Turkey
38%
28 24 23 29 76 Iran
36%
14 13 18 9 40 Slovakia
36%
24 8 11 19 38 Egypt
33%
19 6 7 13 26 Lithuania
33%
19 16 17 23 56 North Korea
33%
17 8 2 6 16 Bahamas
31%
23 14 11 18 43 Estonia
31%
29 11 10 14 35 Ireland
31%
23 5 14 11 30 Latvia
31%
8 6 7 11 24 Serbia
31%
13 7 14 28 49 Azerbaijan
28%
14 19 12 18 40 Georgia
28%
33 5 9 14 28 Portugal
28%
16 10 14 21 45 Slovenia
28%
14 11 6 20 37 Uzbekistan
28%
14 2 8 8 18 Armenia
26%
27 7 11 18 36 Chinese Taipei
26%
22 5 13 16 34 Colombia
26%
18 2 0 1 3 Fiji
26%
22 7 5 12 24 Morocco
26%
17 5 4 8 17 Algeria
23%
35 10 9 16 35 India
23%
16 8 14 15 37 Indonesia
23%
18 3 11 13 27 Nigeria
23%
21 10 8 17 35 Thailand
23%
23 3 7 9 19 Venezuela
23%
37 2 2 6 10 Liechtenstein
21%
28 2 11 17 30 Mongolia
21%
10 0 1 0 1 Samoa
21%
12 0 1 0 1 Tonga
21%
15 3 5 4 12 Dominican Republic
18%
24 3 1 9 13 Israel
18%
33 1 3 0 4 Luxembourg
18%
41 2 7 4 13 Chile
15%
13 0 2 4 6 Moldova
15%
27 1 5 8 14 Philippines
15%
21 3 5 11 19 Trinidad and Tobago
15%
15 5 3 7 15 Tunisia
15%
22 1 1 2 4 Costa Rica
13%
3 3 0 0 3 Kosovo
13%
7 0 1 0 1 Montenegro
13%
12 0 1 1 2 North Macedonia
13%
21 1 3 0 4 Peru
13%
23 2 2 6 10 Uruguay
13%
16 3 2 0 5 Ecuador
10%
39 0 2 2 4 Iceland
10%
15 0 8 5 13 Malaysia
10%
21 3 3 4 10 Pakistan
10%
26 0 1 2 3 San Marino
10%
16 1 3 1 5 Vietnam
10%
13 0 0 1 1 Barbados
8%
22 0 1 0 1 Cyprus
8%
16 0 1 0 1 Guatemala
8%
16 0 1 1 2 Haiti
8%
13 0 3 4 7 Kyrgyzstan
8%
18 1 0 2 3 Panama
8%
14 0 1 0 1 Paraguay
8%
12 0 2 2 4 Saudi Arabia
8%
18 1 2 2 5 Singapore
8%
16 4 4 3 11 Uganda
8%
10 1 0 1 2 United Arab Emirates
8%
11 0 1 1 2 Botswana
5%
16 3 1 2 6 Cameroon
5%
16 0 1 4 5 Ghana
5%
18 0 0 1 1 Guyana
5%
15 0 0 1 1 Iraq
5%
9 2 1 5 8 Qatar
5%
20 0 1 0 1 Senegal
5%
18 0 2 0 2 Sri Lanka
5%
13 0 1 0 1 Sudan
5%
11 1 1 2 4 Tajikistan
5%
14 0 2 0 2 Tanzania
5%
7 0 1 0 1 Turkmenistan
5%
15 0 0 2 2 Afghanistan
3%
10 2 2 0 4 Bahrain
3%
10 0 0 1 1 Burkina Faso
3%
7 1 1 0 2 Burundi
3%
9 0 0 1 1 Djibouti
3%
7 0 0 1 1 Eritrea
3%
11 0 1 0 1 Gabon
3%
10 1 1 1 3 Grenada
3%
14 1 1 2 4 Ivory Coast
3%
11 1 1 1 3 Jordan
3%
13 0 0 3 3 Kuwait
3%
35 0 2 2 4 Lebanon
3%
10 0 0 1 1 Mauritius
3%
11 1 0 1 2 Mozambique
3%
8 0 5 0 5 Namibia
3%
13 0 1 1 2 Niger
3%
13 1 0 1 2 Suriname
3%
14 1 1 2 4 Syria
3%
13 0 0 1 1 Togo
3%
14 0 1 1 2 Zambia
3%
15 3 4 1 8 Zimbabwe
3%
No matching quizzes found
Score Distribution
Percent of People with Each Score
Percentile by Number Answered
Your Score History
You have not taken this quiz